Spring and hibernate / (Record no. 83230)

MARC details
000 -LEADER
fixed length control field 00624nam a22002177a 4500
005 - DATE AND TIME OF LATEST TRANSACTION
control field 20140701143441.0
010 ## - LCCN (DPL NO)
LC control number ENG-109640
020 ## - INTERNATIONAL STANDARD BOOK NUMBER
Terms of availability 525.00
International Standard Book Number 9871259063725
020 ## - INTERNATIONAL STANDARD BOOK NUMBER
Terms of availability 525.00
International Standard Book Number 1259063720
035 ## - SYSTEM CONTROL NUMBER
System control number EN-93173
037 ## - SOURCE OF ACQUISITION
Source of stock number/acquisition DBAD/PUB
082 ## - DEWEY DECIMAL CLASSIFICATION NUMBER
Classification number 005.133
100 ## - MAIN ENTRY--PERSONAL NAME
Personal name Santosh Kumar K.
245 00 - TITLE STATEMENT
Title Spring and hibernate /
Statement of responsibility, etc by Santosh Kumar K.
250 ## - EDITION STATEMENT
Edition statement 2nd ed
260 ## - PUBLICATION, DISTRIBUTION, ETC. (IMPRINT)
Place of publication, distribution, etc New Delhi
Name of publisher, distributor, etc McGraw Hill Education
Date of publication, distribution, etc 2013
270 ## - ADDRESS
Address P-24, Green Park Extn.
City New Delhi
Postal code 110016
300 ## - PHYSICAL DESCRIPTION
Extent xxvi,652p. :
Dimensions 24cm(pbk)
Other physical details ill.
500 ## - GENERAL NOTE
General note Includes index
942 ## - ADDED ENTRY ELEMENTS (KOHA)
Source of classification or shelving scheme Dewey Decimal Classification
Item type English Books
Call number suffix SAN
Classification part 005.133
Holdings
Withdrawn status Lost status Not for loan Collection code Home library Current library Date acquired Source of acquisition Cost, normal purchase price Full call number Barcode Copy number Cost, replacement price Koha item type
    Not For Loan Non-fiction D.B.Act.Division D.B.Act.Division 02/04/2014 DBAD/PUB 525.00 005.133 SAN EN-93173 1 525.00 English Books

© Delhi Public Library
Hit Counter
free hit counter